[Event "La Vega op 3rd"]
[Site "La Vega"]
[Date "2019.08.22"]
[Round "4"]
[White "Gomez Vidal, Xavier"]
[Black "Nunez V, Gustavo Eduardo"]
[Result "0-1"]
[WhiteElo "1893"]
[BlackElo "2233"]
[PlyCount "76"]
[EventDate "2019.08.20"]
[EventType "swiss"]
[EventRounds "9"]
[EventCountry "DOM"]
[SourceTitle "EXT 2020"]
[Source "ChessBase"]
[SourceDate "2019.10.17"]
[SourceVersion "1"]
[SourceVersionDate "2019.10.17"]
[SourceQuality "1"]

1. d4 Nf6 2. Bf4 d6 3. Nc3 g6 4. e4 Bg7 5. Qd2 0-0 6. 0-0-0 c6 7. Bh6 b5 8. Bxg7 Kxg7 9. Bd3 Nbd7 10. h4 h5 11. Nh3 Qa5 12. Kb1 b4 13. Ne2 c5 14. f3 cxd4 15. Nxd4 Qc5 16. Nb3 Qb6 17. g4 a5 18. gxh5 Nxh5 19. Qg5 a4 20. Nd2 Ra5 21. Qg2 Ne5 22. Nc4 Nxc4 23. Bxc4 Rc5 24. Bd3 Bxh3 25. Qxh3 Rfc8 26. Qh2 e5 27. Rhg1 Nf4 28. h5 Rh8 29. Rg5 Rxh5 30. Rxh5 Nxh5 31. Rh1 Rc8 32. Be2 b3 33. axb3 axb3 34. Bd1 Qe3 35. Qg2 Nf4 36. Qh2 Nd3 37. Qh7+ Kf6 38. Qh4+ g5 0-1

[Event "Santo Domingo op 08"]
[Site "Santo Domingo"]
[Date "2019.08.19"]
[Round "5"]
[White "Baez Medrano, Manuel Emilio"]
[Black "Gomez Vidal, Xavier"]
[Result "0-1"]
[WhiteElo "1582"]
[BlackElo "1821"]
[PlyCount "92"]
[EventDate "2019.08.12"]
[EventType "swiss"]
[EventRounds "8"]
[EventCountry "DOM"]
[SourceTitle "EXT 2020"]
[Source "ChessBase"]
[SourceDate "2019.10.17"]
[SourceVersion "1"]
[SourceVersionDate "2019.10.17"]
[SourceQuality "1"]

1. d4 Nf6 2. c4 g6 3. Nf3 Bg7 4. Nc3 0-0 5. Bg5 d6 6. h3 a6 7. e3 c6 8. a4 Qb6 9. Bxf6 Bxf6 10. Qc2 Re8 11. Be2 Nd7 12. 0-0 Bg7 13. a5 Qc7 14. b4 e5 15. Rfc1 Qd8 16. b5 axb5 17. cxb5 Rxa5 18. bxc6 bxc6 19. Ne4 Rxa1 20. Rxa1 Qc7 21. d5 c5 22. Ra8 Nb6 23. Bb5 Rd8 24. Ra1 Nxd5 25. Bc4 Nb4 26. Qd2 d5 27. Rd1 Rd7 28. Bb5 dxe4 29. Bxd7 exf3 30. Bxc8 Qxc8 31. Qd8+ Qxd8 32. Rxd8+ Bf8 33. gxf3 Kg7 34. Kg2 Be7 35. Rc8 f5 36. Rc7 Kf6 37. h4 h5 38. Kg3 f4+ 39. exf4 exf4+ 40. Kg2 Ke6 41. Rb7 Bxh4 42. Rb6+ Kf7 43. Rb7+ Be7 44. Rb6 Nd5 45. Rc6 g5 46. Rh6 Bf8 0-1